Tratado del descubrimiento de las Yndias y su conquista (Record no. 7030)

MARC details
000 -LEADER
campo de control de longitud fija 00949nam a2200241 i 4500
001 - NÚMERO DE CONTROL
campo de control 7030
003 - IDENTIFICADOR DE NÚMERO DE CONTROL
campo de control ES-MaACL
005 - FECHA Y HORA DE LA ÚLTIMA TRANSACCIÓN
campo de control 20250804011337.0
007 - CAMPO FIJO DE DESCRIPCIÓN FÍSICA--INFORMACIÓN GENERAL
campo de control de longitud fija t|
008 - DATOS DE LONGITUD FIJA--INFORMACIÓN GENERAL
campo de control de longitud fija 900723s1990 sp ||||1| spa d
020 ## - NÚMERO INTERNACIONAL ESTÁNDAR DEL LIBRO
Número Internacional Estándar del Libro 84-206-0443-7
080 ## - NÚMERO DE LA CLASIFICACIÓN DECIMAL UNIVERSAL
Número de la Clasificación Decimal Universal 9(8.03)"15"
100 1# - ENTRADA PRINCIPAL--NOMBRE DE PERSONA
Nombre de persona Suárez de Peralta, Juan.
9 (RLIN) 108608
245 10 - MENCIÓN DEL TÍTULO
Título Tratado del descubrimiento de las Yndias y su conquista
Resto del título : (transcripción del manuscrito de 1589) /
Mención de responsabilidad, etc. Juan Suárez de Peralta ; edición, estudio preliminar y notas de Giorgio Perissinotto.
260 ## - PUBLICACIÓN, DISTRIBUCIÓN, ETC.
Lugar de publicación, distribución, etc. Madrid :
Nombre del editor, distribuidor, etc. Alianza,
Fecha de publicación, distribución, etc. D.L. 1990.
300 ## - DESCRIPCIÓN FÍSICA
Extensión 268 p. ;
Dimensiones 18 cm.
490 1# - MENCIÓN DE SERIE
Mención de serie libro de bolsillo ;
Designación de volumen o secuencia 1443.
Mención de serie Sección clásicos
651 #4 - PUNTO DE ACCESO ADICIONAL DE MATERIA--NOMBRE GEOGRÁFICO
Nombre geográfico México-
Subdivisión general Historia-
Subdivisión cronológica 1517-1521, Descubrimiento y conquista.
9 (RLIN) 136484
700 1# - ENTRADA AGREGADA--NOMBRE PERSONAL
Nombre de persona Perissinotto, Giorgio.
9 (RLIN) 91281
830 03 - PUNTO DE ACCESO ADICIONAL DE SERIE-TÍTULO UNIFORME
Título uniforme El libro de bolsillo.
Nombre de parte o sección de la obra Clásicos
Designación de volumen o secuencia 1443.
9 (RLIN) 179723
852 ## - LOCALIZACIÓN
Ubicación ES-MaACL
Número de control de estantería L-14186
Sublocalización o colección R.118209
Nota libre . - rust.
Holdings
Estatus retirado Estado de pérdida Estado de daño No para préstamo Biblioteca de origen Biblioteca actual Ubicación en estantería Fecha de adquisición Fuente de adquisición Total de préstamos Signatura topográfica completa Código de barras Visto por última vez Precio de reemplazo Tipo de ítem Koha
        Biblioteca del Ateneo de Madrid Biblioteca del Ateneo de Madrid Depósito 2 17/01/2008     L-14186 1007167 23/02/2023 23/02/2023 Libro impreso